| 000 | 00787nam a2200253 a 4500 | ||
|---|---|---|---|
| 001 | 000044161 | ||
| 003 | 000044161 | ||
| 005 | 20210305090703.0 | ||
| 008 | 140603s2011 dr 000 j spa d | ||
| 020 | _a9789945429169 | ||
| 040 |
_aBPMSU _bspa _cBPMSU |
||
| 082 | 4 |
_aRD863.44 _bB742c |
|
| 100 | 1 |
_aBosch, Juan _d1909-2001 _91 |
|
| 245 | 1 | 0 |
_aCuentos más que completos / _cJuan Bosch ; prólogo Sergio Ramírez Mercado. |
| 260 |
_aSanto Domingo : _bAfaguara, _c2011. |
||
| 300 |
_a580 p. ; _c25 cm. |
||
| 650 | 4 | _aCUENTOS DOMINICANOS | |
| 650 | 4 | _aLITERATURA DOMINICANA | |
| 700 | 1 | 2 |
_aRamírez Mercado, Sergio _epról. |
| 910 | _aValidado. Control de calidad MFF | ||
| 942 |
_2ddc _cBK |
||
| 945 | _aRemanejado para BNPHU / 2017 VM | ||
| 956 |
_aVMATEO _b10 _c20150923 _lBPMSU _h0069 |
||
| 999 |
_c7129 _d7129 |
||